Diálogos en pediatría / (Registro nro. 2547)
[ vista simple ]
| 000 -LEADER | |
|---|---|
| campo de control de longitud fija | 01538nam a22002177a 4500 |
| 001 - NÚMERO DE CONTROL | |
| campo de control | 2547 |
| 003 - IDENTIFICADOR DE NÚMERO DE CONTROL | |
| campo de control | HMS |
| 005 - FECHA Y HORA DE LA ÚLTIMA TRANSACCIÓN | |
| campo de control | 20250707095936.0 |
| 008 - DATOS DE LONGITUD FIJA--INFORMACIÓN GENERAL | |
| campo de control de longitud fija | 250707e1997 cl a|||frntou 001 0 spa |
| 020 ## - NÚMERO INTERNACIONAL ESTÁNDAR DEL LIBRO | |
| Número Internacional Estándar del Libro | 9562201481 |
| 040 ## - FUENTE DE CATALOGACIÓN | |
| Centro catalogador/agencia de origen | hms |
| Lengua de catalogación | spa |
| Centro/agencia transcriptor | hms |
| 050 04 - SIGNATURA TOPOGRÁFICA DE LA BIBLIOTECA DEL CONGRESO | |
| Número de clasificación | WS200 |
| Número de ítem | M541 |
| 100 1# - ENTRADA PRINCIPAL--NOMBRE DE PERSONA | |
| Nombre de persona | Meneghello R., Julio, |
| Fechas asociadas al nombre | 1911- |
| Término indicativo de función/relación | ed. |
| 9 (RLIN) | 3594 |
| 245 10 - MENCIÓN DEL TÍTULO | |
| Título | Diálogos en pediatría / |
| Mención de responsabilidad, etc. | [ed. por] J. Meneghello R. |
| Medio | [libro] |
| Número de parte o sección de la obra | Volumen XIV |
| 260 ## - PUBLICACIÓN, DISTRIBUCIÓN, ETC. | |
| Lugar de publicación, distribución, etc. | Santiago de Chile : |
| Nombre del editor, distribuidor, etc. | Publicaciones Técnicas Mediterráneo, |
| Fecha de publicación, distribución, etc. | c 1997 |
| 300 ## - DESCRIPCIÓN FÍSICA | |
| Extensión | 14 vol., 259 páginas : |
| Otras características físicas | ilustraciones |
| 500 ## - NOTA GENERAL | |
| Nota general | Incluye índice |
| 505 ## - NOTA DE CONTENIDO CON FORMATO | |
| Nota de contenido con formato | 1. Prevención de las infecciones por Haemophilus Influenzae B. -- 2. Síndrome nefrótico en la infancia. -- 3. Tétanos en el recién nacido. -- 4. Meningitis neonatal. -- 5. Evaluación inmunológica en pediatría. -- 6. Disentería en niños. -- 7. Hydrops Fetalis. -- 8. Tumores cancerosos mas frecuentes mas frecuentes en pediatría. -- 9. Modelos de atención en pediatría. -- 10. Conceptos generales de medicina. -- 11. Infección por VIH en el niño. -- 12. Problemas actuales de la diálisis aguda en pediatría. -- 13. Infecciones respiratorias aguda como problema de salud publica en la región de las Américas. 14. Enfermedad de Kawasaki. 1997 -- 15. Traumatismo obstétrico. -- 16. Neumonías agudas en el niño. Formas severas. -- 17. Obstrucción de la vía aérea alta en niños. -- 18. La inmunosupresión : riesgo permanente en el paciente oncológico. <br/> |
| 650 #7 - PUNTO DE ACCESO ADICIONAL DE MATERIA--TÉRMINO DE MATERIA | |
| Término de materia o nombre geográfico como elemento de entrada | Pediatria |
| 9 (RLIN) | 3612 |
| 942 ## - ELEMENTOS DE ENTRADA SECUNDARIOS (KOHA) | |
| Fuente del sistema de clasificación o colocación | Clasificación de Library of Congress |
| Tipo de ítem Koha | Colección Médica |
| Suprimir en OPAC | No |
| Estatus retirado | Estado de pérdida | Fuente del sistema de clasificación o colocación | Estado de daño | No para préstamo | Colección | Biblioteca de origen | Biblioteca actual | Ubicación en estantería | Fecha de adquisición | Fuente de adquisición | Número de inventario | Total de préstamos | Signatura topográfica completa | Código de barras | Visto por última vez | Copia número | Precio de reemplazo | Tipo de ítem Koha |
|---|---|---|---|---|---|---|---|---|---|---|---|---|---|---|---|---|---|---|
| Clasificación de Library of Congress | Colección Reserva | Biblioteca Hospital Militar de Santiago | Biblioteca Hospital Militar de Santiago | Full Space | 30/05/1998 | Donación Ed. Mediterráneo | 000754 | WS200 M541 1997 v.14 | 000754 | 07/07/2025 | c.1 | 07/07/2025 | Colección Médica |
